000 00204 a2200097 4500
001 8562
100 _aKiswar Naheed
245 _aBuri aurat key katha
260 _a
_bSang-e-Meel
_c
090 _c6889
_d6889
942 _aNUST-CAE
_cM
_c33476
999 _c243635
_d243635